000 01133nam a2200289Ia 4500
003 OSt
005 20221005110620.0
006 a|||||r|||| 00| 0
007 ta
008 221004b |||||||| |||| 00| 0 hin d
020 _a9789326351072 (hbk)
_cINR 230.00
024 _a37547
037 _bBW/1691, 15/03/2018, Bookwell
_cTextual
040 _aCRL
_cCRL
_bhin
041 _2hin
_ahin
082 _aO152,3N42,MS, Q3
100 _aरोहेकर, शीला, ले.
245 0 _aमिस सैम्युएल
_b एक यहूदी गाथा
246 _aMis saimyuela: ek yahūdī gāthā
260 _aनई दिल्ली
_bभारतीय ज्ञानपीठ भारत
_c2013
300 _a224पृ0
_ccm.
490 _aलोकोदय ग्रन्थमाला; ग्रन्थांक 1168
650 _a हिन्दी साहित्य
650 _aहिन्दी कहानी
942 _hO152,3N42,MS, Q3
_cTEXL
_2cc
999 _c1019357
_d1019357